00525nam a2200145 a 4500008004100000020001800041050001600059100002900075245013700104250001200241260005000253300001400303650002100317650004100338150817s2001 ||||||||||||||||| || u a9780130190260 aQP 34.5 Sil aSilverthorn, Dee Uuglaub10aInstructor's resource guide: human physiology: an integrated approach. (2nd ed.)cby Dee Unglaub Silverthorn and Richard Damian Hill a2nd ed. aUnited States of AmericabPrentice Hallc2001 apagenated 0aHUMAN PHYSIOLOGY aHUMAN PHYSIOLOGY--INSTRUCTOR'S GUIDE